Una temporada de incendios
Cuando los poderosos especuladores de Brasil ponen sus ojos en la selva amazónica, un ejército de excavadoras y sierras mecánicas comienzan a arrasar la zona. El activista Chico Mendes encabezó la protesta para evitar la destrucción de cientos de hogares, una guerra abierta a base de incendios y ase...
Guardado en:
| Autor Principal: | |
|---|---|
| Autor Corporativo: | |
| Otros Autores: | , , , , |
| Formato: | |
| Idioma: | Undetermined |
| Publicado: |
Estados Unidos :
HBO Pictures,
1994.
|
| Materias: | |
| Etiquetas: |
Agregar Etiqueta
Sin Etiquetas, Sea el primero en etiquetar este registro!
|
| LEADER | 01314ngm a22002775a 4500 | ||
|---|---|---|---|
| 001 | CEM.cems020519 | ||
| 008 | 231004s1994####xx#---############vlund#d | ||
| 005 | 20231004210202.0 | ||
| 245 | 1 | 0 | |a Una temporada de incendios |h [videograbación] / |c John Frankenheimer. |
| 260 | |a Estados Unidos : |b HBO Pictures, |c 1994. | ||
| 300 | |a 115'. | ||
| 520 | |a Cuando los poderosos especuladores de Brasil ponen sus ojos en la selva amazónica, un ejército de excavadoras y sierras mecánicas comienzan a arrasar la zona. El activista Chico Mendes encabezó la protesta para evitar la destrucción de cientos de hogares, una guerra abierta a base de incendios y asesinatos indiscriminados. | ||
| 590 | |a Identificación anterior: 209 | ||
| 538 | |a Soporte: DVD -- Formato: AVI Peso: 810mb -- Resolución: 720 x 576 -- 25 fps | ||
| 500 | |a Título original: The Burning Season Idioma: Doblada al español. | ||
| 100 | 1 | |a Frankenheimer, John. | |
| 700 | 1 | |a Revkin, Andrew; Guion. | |
| 700 | 1 | |a Julia, Raúl; Reparto. | |
| 700 | 1 | |a Braga, Sonia; Reparto. | |
| 700 | 1 | |a Gusmán, Luis; Reparto. | |
| 700 | 1 | |a Olmos, Edward James; Reparto. | |
| 710 | 2 | |a HBO Pictures. | |
| 653 | |a LARGOMETRAJE | ||
| 653 | |a FICCIÓN | ||
| 653 | |a BIOGRAFÍA | ||
| 859 | |a CEMS |b BIB. CEMS - Depto. Recursos Didacticos |h 778.5 |i FRA |k DRD |p 3153.23 |t Ej.1 | ||
